00594nam a2200145 a 450000100100000000500170001000800410002704000250006808200150009324501290010826000590023730000210029695201140031799900170043100003719520200930080210.0120229s1969 mx 000 0 spa d aDO-SdBNPbspacBNPHU axxxxxbE7700aEspecificaciones generales para la construcción de caminos y puentes de acuerdo con los proyectos federales de carreteras. aMéxico :bCentro regional de ayuda técnica,c1969. a351 p. ;c21 cm. 0010507-18MOaGRbGRcOId2012-02-29iLF1l0oxxxxx E77p37195-10r2020-06-25w2020-06-25y1ZNo se presta c36685d36685